Statystyki dla Vance Joy - Wszystkie piosenki

Kliknij tutaj aby rozwiązać quiz!

Ogólne statystyki

  • Ten quiz został rozwiązany 4 razy
  • Średni wynik to 3 z 30

Statystyki odpowiedzi

Tytuł piosenki% Poprawnych
Riptide
100%
All I Ever Wanted
25%
Best That I Can
25%
Fire and the Flood
25%
Georgia
25%
Lay It on Me
25%
Mess Is Mine
25%
My Kind of Man
25%
Saturday Sun
25%
You
25%
Alone with Me
0%
Bonnie & Clyde
0%
Call If You Need Me
0%
Crashing into You
0%
Emmylou
0%
First Time
0%
From Afar
0%
I'm with You
0%
Like Gold
0%
Little Boy
0%
Missing Piece
0%
One of These Days
0%
Red Eye
0%
Take Your Time
0%
Wasted Time
0%
We All Die Trying to Get It Right
0%
We're Going Home
0%
Where We Start
0%
Who I Am
0%
Winds of Change
0%

Rozkład punktacji

Percentyl według liczby udzielonych odpowiedzi

Procent ludzi z każdym wynikiem

Twoja historia wyników

Nie rozwiązałeś tego quizu